00270nam a22001097a 4500008004100000020002200041100001500063245002600078250001200104260003600116300000800152241018b |||||||| |||| 00| 0 eng d a978-81-19107-54-4 aS R Myneni aMass Media Law 5th Ed a5th Ed. aHyderabadbAsia Law Housec2024 a543